000 00283nam a2200133Ia 4500
008 230917s9999||||xx |||||||||||||| ||und||
040 _e182737
_aMAIN
041 _aEnglish
082 _a843.7 P617S
100 _aFloubert
245 0 _aSalammbo
300 _a282 p.
942 _cBK
999 _c210562
_d210562